000 00939naa a2200265 c 4500
001 49234
999 _c49234
_d49234
003 ES-MaCES
005 20170419120122.0
008 170419s2017 sp ||||| t||||||| ||spa d
040 _aES-MaCES
_bspa
_cES-MaCES
_dES-MaCES
100 1 _918447
_aMercader Uguina, Jesús R.
245 1 3 _aLa robotización y el futuro del trabajo
_cJesús R. Mercader Uguina
500 _aResumen
650 4 _928236
_acambio tecnológico
650 4 _928248
_aautomatización
650 4 _929509
_arobot industrial
650 4 _928299
_aempleo
650 4 _928292
_amercado de trabajo
650 4 _930756
_afuturo del trabajo
650 4 _927165
_aderecho del trabajo
653 1 0 _aEmpleo
773 0 _985919
_dLas Rozas, Madrid Wolters Kluwer España 2015-
_o088817
_tTrabajo y derecho
_w(ES-MaCES)45892
_gn. 27 (marzo 2017) {55/1129 R. 088817} ;p. 13-24
902 _aART Artículo de revista
942 _2CES
_cAR
_h2.0.